Spielberg Movies by John Williams Soundtracks #2 - Statistics

General Stats
  • This quiz has been taken 109 times
  • The average score is 5 of 13
Answer Stats
Tracks from the Original Score Album Film % Correct
Slalom on Mt. Humol / Children in Chains / The Mine Car Chase Indiana Jones and the Temple of Doom
72%
The Attack at Olympic Village / Letter Bombs / The Raid in Tarifa Munich
62%
Malcolm's Journey / The Stegosaurus / Visitor in San Diego The Lost World: Jurassic Park
59%
The Journey to Akator / The Jungle Chase / Ants! Indiana Jones and the Kingdom of the Crystal Skull
47%
The Presses Roll / Nixon's Order / Deciding To Publish The Post
33%
Dartmoor, 1912 / Pulling The Cannon / No Man's Land War Horse
30%
Riot at the U.S.O. / The Battle of Hollywood / The Ferris Wheel Sequence 1941
26%
Imaginary Air Battle / The Streets of Shanghai / The Pheasant Hunt Empire of the Sun
25%
The Flash Comics Clue / A Broken Home / Doctor, Lawyer, Lutheran Catch Me If You Can
23%
Snowy's Theme / The Secret of the Scrolls / The Milanese Nightingale The Adventures of Tintin: The Secret of the Unicorn
23%
Ray and Rachel / Escape from the City / Probing the Basement War of the Worlds
23%
Spyders / Eye-Dentiscan / Everybody Runs! Minority Report
22%
A Fool in Love / Among the Clouds / Pete in Heaven Always
20%
No matching quizzes found
Score Distribution
Percent of People with Each Score
Percentile by Number Answered
Your Score History
You have not taken this quiz